Estudio de Opinión Pública Unimer RI - La Nación setiembre - octubre de 1999: efectuada del 23 de setiembre al 5 de octubre /
में बचाया:
| मुख्य लेखक: | |
|---|---|
| निगमित लेखक: | |
| अन्य लेखक: | |
| स्वरूप: | मूलपाठ |
| प्रकाशित: |
San José:
Unimer
|
| विषय: | |
| टैग: |
टैग जोड़ें
कोई टैग नहीं, इस रिकॉर्ड को टैग करने वाले पहले व्यक्ति बनें!
|
MARC
| LEADER | 00000 a a2200000 04500 | ||
|---|---|---|---|
| 001 | 27676 | ||
| 003 | |||
| 040 | |||
| 090 | |a 185901 |b ENCUESTA | ||
| 100 | |a Paniagua, Carlos G. | ||
| 110 | |a Unimer Research International | ||
| 245 | |a Estudio de Opinión Pública Unimer RI - La Nación setiembre - octubre de 1999: efectuada del 23 de setiembre al 5 de octubre / |c Carlos G. Paniagua | ||
| 260 | |a San José: |b Unimer | ||
| 300 | |a 75 p. y s.p; 3 vol. |b **no definido** |b fonodiscos | ||
| 650 | |a CONDICION SOCIAL | ||
| 650 | |a PROBLEMAS SOCIALES | ||
| 650 | |a DESAMPARADOS | ||
| 650 | |a DESIGUALDAD SOCIAL | ||
| 650 | |a CALIDAD DE LA VIDA | ||
| 650 | |a COSTOS DE LA VIDA | ||
| 650 | |a ECONOMIA DEL BIENESTAR | ||
| 650 | |a ECONOMIA DEL TRABAJO | ||
| 650 | |a BIENESTAR SOCIAL | ||
| 650 | |a DESARROLLO ECONOMICO Y SOCIAL | ||
| 650 | |a DESARROLLO DE LA COMUNIDAD | ||
| 650 | |a SERVICIOS PUBLICOS | ||
| 650 | |a F | ||
| 650 | |a OPINION PUBLICA | ||
| 650 | |a GOBIERNO | ||
| 650 | |a INTERVENCION DEL ESTADO | ||
| 650 | |a ADMINISTRACION PUBLICA | ||
| 650 | |a POLITICA | ||
| 650 | |a POLITICOS | ||
| 650 | |a ESTABILIDAD POLITICA | ||
| 650 | |a PROBLEMAS SOCIALES | ||
| 650 | |a DESARROLLO DE LA COMUNIDAD | ||
| 650 | |a COSTO DE LA VIDA | ||
| 700 | |a García S, Cathalina | ||
| 999 | |c 1125 |d 1125 | ||
